[Event "Porec op"]
[Site "Porec"]
[Date "2008.12.06"]
[Round "5"]
[White "Nikolic, Andjelko"]
[Black "Kersic, Matej"]
[Result "0-1"]
[WhiteElo "1867"]
[BlackElo "2156"]
[PlyCount "84"]
[EventDate "2008.12.04"]
[EventType "swiss"]
[EventRounds "7"]
[EventCountry "CRO"]
[SourceTitle "CBM 127 Extra"]
[Source "ChessBase"]
[SourceDate "2009.01.08"]
[SourceVersion "2"]
[SourceVersionDate "2009.01.28"]
[SourceQuality "1"]

1. d4 d5 2. Nf3 Nf6 3. Nc3 Bf5 4. e3 e6 5. a3 c6 6. Be2 Bd6 7. Nd2 Qc7 8. f4 Nbd7 9. b4 a5 10. b5 c5 11. dxc5 Bxc5 12. Ndb1 Nb6 13. 0-0 0-0 14. Bd3 Rfe8 15. Bxf5 exf5 16. Qd3 g6 17. Nd1 Nc4 18. h3 Ne4 19. Kh2 Rad8 20. c3 Qe7 21. Rf3 a4 22. Ra2 Qd7 23. Re2 Qxb5 24. Nb2 Qb3 25. Nxc4 dxc4 26. Qc2 Rd3 27. g4 fxg4 28. hxg4 Nxc3 29. Nxc3 Rxc3 30. Qd2 Rd3 31. Qa5 b6 32. Qe1 Qd1 33. Qxd1 Rxd1 34. Bb2 Rd3 35. Kg2 Bxa3 36. e4 Bxb2 37. Rxd3 a3 38. Rd1 c3 39. Ree1 c2 40. Rc1 Bxc1 41. Rxc1 a2 42. Kf2 Ra8 0-1

[Event "Porec op"]
[Site "Porec"]
[Date "2004.12.04"]
[Round "5"]
[White "Pelic, Stjepan"]
[Black "Nikolic, Andjelko"]
[Result "1-0"]
[WhiteElo "2013"]
[BlackElo "1856"]
[PlyCount "28"]
[EventDate "2004.12.02"]
[EventType "swiss"]
[EventRounds "7"]
[EventCountry "CRO"]
[SourceTitle "CBM 103 Extra"]
[Source "ChessBase"]
[SourceDate "2005.01.01"]
[SourceVersion "1"]
[SourceVersionDate "2005.01.01"]
[SourceQuality "1"]

1. d4 d5 2. c4 e6 3. Nf3 Nf6 4. Nc3 c6 5. e3 Be7 6. Bd3 Nbd7 7. 0-0 Qc7 8. h4 h5 9. e4 dxe4 10. Nxe4 Nxe4 11. Bxe4 Nf6 12. Re1 Bb4 13. Re2 Be7 14. a3 Ng4 1-0

[Event "Porec op"]
[Site "Porec"]
[Date "2004.12.02"]
[Round "1"]
[White "Vukovic, Nikola"]
[Black "Nikolic, Andjelko"]
[Result "1-0"]
[WhiteElo "2172"]
[BlackElo "1856"]
[PlyCount "60"]
[EventDate "2004.12.02"]
[EventType "swiss"]
[EventRounds "7"]
[EventCountry "CRO"]
[SourceTitle "CBM 103 Extra"]
[Source "ChessBase"]
[SourceDate "2005.01.01"]
[SourceVersion "1"]
[SourceVersionDate "2005.01.01"]
[SourceQuality "1"]

1. d4 d5 2. Nf3 Nf6 3. c4 e6 4. Nc3 c6 5. Bg5 h6 6. Bxf6 Qxf6 7. e3 Bd6 8. Bd3 0-0 9. 0-0 dxc4 10. Bxc4 Qg6 11. e4 Nd7 12. e5 Bc7 13. Re1 b5 14. Bb3 a5 15. Rc1 Bb7 16. Ne4 Rad8 17. Qe2 Bb6 18. Bc2 Qh5 19. Ng3 Qg4 20. h3 Qf4 21. Nh5 Qxc1 22. Rxc1 Rfe8 23. Qe4 Nf8 24. Qg4 g6 25. Nf6+ Kg7 26. Nxe8+ Rxe8 27. Be4 Rc8 28. Qf4 Nd7 29. h4 f5 30. exf6+ Nxf6 1-0